000 00566nmm a2200169Ia 4500
008 251105s9999||||xx |||||||||||||||||und||
020 _a9789587383539
041 _aspa
100 _aMonroy Alvarez, Silvia
245 0 _aEl presente permanente : Por una antropografía de la violencia a partir del caso de Urabá, Colombia
264 _a[Bogotá, Colombia] :
_bUniversidad del Rosario,
_c2013
300 _a290 páginas
490 _aTextos de Ciencias Humanas
650 _aSociology
856 _uhttps://public.digitaliapublishing.com/a/46336
942 _cCF
999 _c95756
_d95756